| 000 | 00447nam a2200181Ia 4500 | ||
|---|---|---|---|
| 003 | 0100 | ||
| 008 | 130303s9999 xx 000 0 und d | ||
| 040 | _cARRUPELIB | ||
| 050 | _aLB1051.A748 1963 | ||
| 100 | _aAusubel, David P | ||
| 245 | 4 | _aThe Psychology of Meaningful Verbal Learning | |
| 245 | _bAn Introduction to School Learning | ||
| 260 | _aNew York | ||
| 260 | _bGrune Stratton | ||
| 260 | _C1963 | ||
| 300 | _a255p | ||
| 942 | 0 | 0 | _01 |
| 999 |
_c43254 _d43254 |
||